• 首页
  • 本馆介绍
  • 公告通知
  • 最新文献
  • 馆藏检索
  • 电子资源
  • 读者导购
  • 参考咨询
  • 我的图书馆
  • 登录
  • 详细信息显示
  • 放入我的书架
  • 预约/预借图书
  • 作者相关作品
  • 分类相关作品
  • 丛书相关作品
  • 出版社相关作品

书目信息

  • 表格格式
  • 工作单格式
  • 卡片格式
题名:
农业企业经营与管理
    
 
作者: 蒋立亮 编著
分册:  
出版信息: 北京   中国社会出版社  2006.09
页数: 176页
开本: 20cm
丛书名: 农村经济发展与经营管理丛书
单 册:
中图分类: F306
科图分类:
主题词: 农业企业管理--企业经营管理
电子资源:
ISBN: 978-7-5087-1220-8
000 00678nam0 2200217 450
001 0836562699
005 20081218160536.50
010    @a978-7-5087-1220-8@dCNY8.00
100    @a20081218d2006 km y0chiy0120 ea
101 0  @achi
102    @aCN@b110000
200 1  @a农业企业经营与管理@Anong ye qi ye jing ying yu guan li@f蒋立亮编著@Fjiang li liang bian zhu
210    @a北京@c中国社会出版社@d2006.09
215    @a176页@d20cm
225 2  @a农村经济发展与经营管理丛书
410  0 @12001 @a农村经济发展与经营管理丛书
606 0  @a农业企业管理@x企业经营管理
690    @aF306@v4
701  0 @a蒋立亮@Ajiang li liang@4编著
801  0 @aCN@bNISOFT@c20081218
905    @aBZT@dF306@e1@f5
    
    农业企业经营与管理/蒋立亮编著.-北京:中国社会出版社,2006.09
    176页;20cm.-(农村经济发展与经营管理丛书)
    
    
    ISBN 978-7-5087-1220-8:CNY8.00
    
●
相关链接 在五车中查询图书 在当当中查询图书 在豆瓣中查询图书


正题名:农业企业经营与管理     索取号:F306/1         预约/预借

序号 登录号 条形码 馆藏地/架位号 状态 备注
1 0691822   2000691822   样本书库/样004架B面5层3列/ [索取号:F306/1] 在馆    
2 0691823   2000691823   中心书库北库/ 北库016架B面3列5层9/ [索取号:F306/1] 在馆    
3 0691824   2000691824   中心书库北库/ 北库016架B面3列5层8/ [索取号:F306/1] 在馆    
4 0691825   2000691825   中心书库北库/ 北库016架B面3列5层7/ [索取号:F306/1] 在馆    
5 0691826   2000691826   中心书库北库/ 北库016架B面3列5层6/ [索取号:F306/1] 在馆    
山东省滨州职业学院图书馆 欢迎您!
大连网信软件有限公司© 版权所有